| 000 | 01527nam0a22003011 4500 | ||
|---|---|---|---|
| 001 | rc\3820889 | ||
| 005 | 20260407144626.0 | ||
| 021 |
_aRU _b[76-37348] |
||
| 035 | _a(NLR Aleph) 007275791 | ||
| 090 |
_a5457399 _c5457399 |
||
| 100 | _a20120410g19751976|||y0rusy50 ca | ||
| 101 | 0 | _arus | |
| 102 |
_aRU _aRU |
||
| 105 | _ay z ||||| | ||
| 200 | 1 |
_aИспользование международной стандартизации в решении важнейших народнохозяйственных задач _f[Подгот. Ю.М. Новиков] _gВсесоюз. науч.-исслед. ин-т стандартизации _gВсесоюз. науч.-исслед. ин-т техн. информации, классификации и кодирования |
|
| 210 |
_aМосква _cВНИИКИ _d1975 (вып. дан. 1976) |
||
| 215 |
_a59 с. _cграф. _d21 |
||
| 225 | 1 |
_aОбзорная информация _iСерия: "Стандартизация" |
|
| 300 | _aНа обл. загл. сер.: "Стандартизация-75" | ||
| 606 |
_aСтандартизация международная _2psbo |
||
| 700 | 1 |
_7ca _8rus _aНовиков _bЮ. М. _cспециалист по стандартизации _gЮрий Михайлович _9251027 _3RU\NLR\AUTH\770251083 |
|
| 712 | 0 | 2 |
_aВНИИ стандартизации _3RU\NLR\AUTH\8810020283 _9538563 |
| 801 | 0 |
_aRU _bNLR _gpsbo |
|
| 801 | 1 |
_aRU _bELAR _2rusmarc |
|
| 852 |
_aNLR _j76-6/6335 |
||
| 942 | _cBOOK | ||
| 980 | _aNB | ||